Rhymes with 'SEEK' Quiz Stats

Quiz Updated Aug 17, 2015

Also try: Rhymes with 'ICK'
Challenge
Share
Tweet
Embed
Score 0/32 Timer 04:00
9 Plays Today
% Correct
meek
96.2%
beak
95.2%
reek
91.5%
peek
90.2%
leak
88.5%
leek
87.6%
weak
85.3%
geek
83.5%
week
83.1%
peak
82.7%
teak
82.5%
bleak
82.1%
creek
80.6%
freak
80.3%
sleek
73.1%
speak
68.9%
% Correct
cheek
67.7%
creak
66.3%
eek
64.3%
sneak
58.6%
streak
47.6%
wreak
42.5%
chic
37.2%
tweak
36.2%
squeak
32.5%
eke
30.1%
deke
29.9%
pique
25.9%
shriek
19.6%
phreak
3.9%
screak
3%
flic
3%

You're not logged in!

Compare scores with friends on all Sporcle quizzes.
Sign Up with Email
OR
Log In

You Might Also Like...

Show Comments

Extras

Top Quizzes Today


Score Distribution

Your Account Isn't Verified!

In order to create a playlist on Sporcle, you need to verify the email address you used during registration. Go to your Sporcle Settings to finish the process.